000 00877nam a2200241 4500
003 OSt
005 20260601193527.0
008 260420b1972 mx a|||| |||| 00| 0 spa d
040 _aICI
_bspa
_cICI
050 1 _aSB486.D46
_bA58
100 1 _aÁlvarez Fuentes, Manuel,
_936010
245 1 _aRecreacion :
_bdiseño ambiental en parques y areas de juego /
_cManuel Álvarez Fuentes
_h1972
264 _bM. Alvarez Fuentes,
_c1973
_a[México] :
300 _a1 volumen (sin páginas)
_c28.3 cm.
336 _atexto
_2rdacontent
337 _asin medio
_2rdamedia
338 _avolumen
_2rdacarrier
650 _aParques
_xDiseño y construccion
_936011
650 _aParques
_xDiseño y construcción
_zMéxico
_936012
650 _aÁreas de recreación
_xDiseño y construcción
_936013
650 _aÁreas de recreación
_xDiseño y construcción
_zMéxico
_936014
942 _2lcc
_cB
999 _c21244
_d21244